A GUIDE TO MENTAL HEALTH & PSYCHIATRIC NURSING (Record no. 6782)

MARC details
000 -LEADER
fixed length control field 00375nam a2200145Ia 4500
008 - FIXED-LENGTH DATA ELEMENTS--GENERAL INFORMATION
fixed length control field 150301s2010 xx 000 0 und d
082 ## - DEWEY DECIMAL CLASSIFICATION NUMBER
Classification number 610.7368
Item number G10S
100 ## - MAIN ENTRY--PERSONAL NAME
Personal name SREEVANI, R
245 #2 - TITLE STATEMENT
Title A GUIDE TO MENTAL HEALTH & PSYCHIATRIC NURSING
250 ## - EDITION STATEMENT
Edition statement 3RD
260 ## - PUBLICATION, DISTRIBUTION, ETC. (IMPRINT)
Name of publisher, distributor, etc. JAYPEE MEDICAL PUB.
Date of publication, distribution, etc. 2010
300 ## - PHYSICAL DESCRIPTION
Extent 389
650 ## - SUBJECT ADDED ENTRY--TOPICAL TERM
Topical term or geographic name as entry element PSYCHIATRIC NURSING
942 ## - ADDED ENTRY ELEMENTS (KOHA)
Source of classification or shelving scheme Dewey Decimal Classification
Koha item type Books
Koha issues (borrowed), all copies 204
Holdings
Withdrawn status Lost status Source of classification or shelving scheme Damaged status Not for loan Collection code Home library Current library Shelving location Date acquired Source of acquisition Cost, normal purchase price SGTU Bill Number Total Checkouts Full call number Barcode Checked out Date last seen Date last checked out Bill Date Koha item type Total Renewals
    Dewey Decimal Classification     NURSING SGT Medical Library SGT Medical Library Text Book 02/07/2015 ABC DELHI 250.00 SGTU 5533 103 610.7368 G10S FN2571 15/06/2026 01/06/2026 01/06/2026 25/03/2015 Books  
    Dewey Decimal Classification     NURSING SGT Medical Library SGT Medical Library Text Book 02/07/2015 ABC DELHI 250.00 SGTU 5533 75 610.7368 G10S FN2572   18/06/2025 16/06/2025 25/03/2015 Books 1
    Dewey Decimal Classification     NURSING SGT Medical Library SGT Medical Library Text Book 02/07/2015 ABC DELHI 250.00 SGTU 5533 72 610.7368 G10S FN2573   22/12/2025 10/12/2025 25/03/2015 Books 2
    Dewey Decimal Classification     NURSING SGT Medical Library SGT Medical Library Text Book 02/07/2015 ABC DELHI 250.00 SGTU 5533 114 610.7368 G10S FN2574 04/06/2026 21/05/2026 21/05/2026 25/03/2015 Books 1
weeded-out   Dewey Decimal Classification     NURSING SGT Medical Library SGT Medical Library Text Book 02/07/2015 ABC DELHI 250.00 SGTU 5533 35 610.7368 G10S FN2575   19/03/2021 08/03/2021 25/03/2015 Books